Geografia general y compendio historico del Estado de Antioquia en Colombia / (Record no. 166800)

MARC details
000 -LEADER
campo de control de longitud fija 00650nam a22001695i 4500
001 - NÚMERO DE CONTROL
campo de control 166800
003 - IDENTIFICADOR DE NÚMERO DE CONTROL
campo de control ES-MaACL
005 - FECHA Y HORA DE LA ÚLTIMA TRANSACCIÓN
campo de control 20230906213414.0
008 - DATOS DE LONGITUD FIJA--INFORMACIÓN GENERAL
campo de control de longitud fija 990113s1885 fr bf |||| | spa d
040 ## - FUENTE DE CATALOGACIÓN
Centro catalogador/agencia de origen CCPB | B
Lengua de catalogación spa
Centro/agencia transcriptor CCPB | B
100 1# - ENTRADA PRINCIPAL--NOMBRE DE PERSONA
Nombre de persona Uribe Ángel, Manuel.
9 (RLIN) 133457
245 10 - MENCIÓN DEL TÍTULO
Título Geografia general y compendio historico del Estado de Antioquia en Colombia /
Mención de responsabilidad, etc. por Manuel Uribe Angel.
260 ## - PUBLICACIÓN, DISTRIBUCIÓN, ETC.
Lugar de publicación, distribución, etc. Paris :
Nombre del editor, distribuidor, etc. [s.n.],
Fecha de publicación, distribución, etc. 1885 (
Fabricante Imprenta de Victor Goupy y Jourdan)
300 ## - DESCRIPCIÓN FÍSICA
Extensión XV, 783 p., 35 h. de lám., [2] h. de mapas col. ;
Dimensiones 27 cm.
651 #4 - PUNTO DE ACCESO ADICIONAL DE MATERIA--NOMBRE GEOGRÁFICO
Nombre geográfico Antioquia (Colombia)-
Subdivisión general Geografía.
9 (RLIN) 137045
852 ## - LOCALIZACIÓN
Ubicación ES-MaACL
Número de control de estantería G-9951
Nota libre -- Enc. piel
Holdings
Estatus retirado Estado de pérdida Estado de daño No para préstamo Colección Biblioteca de origen Biblioteca actual Ubicación en estantería Fecha de adquisición Fuente de adquisición Total de préstamos Signatura topográfica completa Código de barras Visto por última vez Precio de reemplazo Tipo de ítem Koha
        Libros del s. XIX Biblioteca del Ateneo de Madrid Biblioteca del Ateneo de Madrid Sala Pecera Planta 3 17/01/2008     G-9951 1174952 23/02/2023 23/02/2023 Libro impreso antiguo